| Tag |
First Indicator |
Second Indicator |
Subfields |
| LEADER |
00000pam a2200000 a 4500 |
| 001 |
in00000090901 |
| 005 |
20151008063817.0 |
| 008 |
810408r19811980nyu j 00011 eng |
| 010 |
|
|
|a 81003476
|
| 020 |
|
|
|a 0689502052
|
| 035 |
|
|
|a (OCoLC)07460566
|
| 035 |
|
|
|9 AAK2965AM
|
| 039 |
0 |
|
|a 2
|b 3
|c 3
|d 3
|e 3
|
| 040 |
|
|
|a DLC
|c DLC
|d TXA
|d UtOrBLW
|
| 049 |
|
|
|a TXAS
|c [1422237]
|
| 050 |
0 |
0 |
|a PZ7.H5493
|b Day 1981
|
| 082 |
0 |
|
|a [Fic]
|2 19
|
| 100 |
1 |
|
|a Hill, Douglas,
|d 1935-2007.
|
| 245 |
1 |
0 |
|a Day of the starwind /
|c Douglas Hill.
|
| 250 |
|
|
|a 1st American ed.
|
| 264 |
|
1 |
|a New York :
|b Atheneum,
|c 1981
|
| 264 |
|
4 |
|c ©1980
|
| 300 |
|
|
|a 123 pages, 1 unnumbered page ;
|c 22 cm.
|
| 336 |
|
|
|a text
|b txt
|2 rdacontent
|
| 337 |
|
|
|a unmediated
|b n
|2 rdamedia
|
| 338 |
|
|
|a volume
|b nc
|2 rdacarrier
|
| 500 |
|
|
|a "A Margaret K. McElderry book."
|
| 500 |
|
|
|a "An Argo book."
|
| 500 |
|
|
|a "Jacket painting by Stephen Marchesi"--Dust wrapper.
|
| 520 |
|
|
|a The last legionary of Moros and his alien companion set course for the uninhabited planet of Rilyn to investigate the sinister activities of the Warlord and his agents, the Deathwing.
|
| 650 |
|
1 |
|a Science fiction.
|
| 999 |
|
|
|a MARS
|
| 999 |
f |
f |
|s af51c6cd-e859-308a-af46-9f2d91fd81c9
|i 1edc40af-74ef-3582-83c2-1d6473a46eec
|t 0
|
| 952 |
f |
f |
|p noncirc
|a Texas A&M University
|b College Station
|c Cushing Memorial Library & Archives
|d Cushing: Science Fiction (Does not check out)
|t 0
|e PZ7.H5493 Day 1981
|h Library of Congress classification
|i unmediated -- volume
|m A14806069384
|
| 998 |
f |
f |
|a PZ7.H5493 Day 1981
|t 0
|l Cushing: Science Fiction (Does not check out)
|